| 000 | 00698nam a2200205Ia 4500 | ||
|---|---|---|---|
| 001 | 21643 | ||
| 003 | GE_BSU | ||
| 008 | 181216s||||||||xx |||||||||||||| ||und|| | ||
| 040 | _cGE_BSU | ||
| 080 | _a81'374.223=353.1 | ||
| 100 | _aსიხარულიძე, ავთანდილ | ||
| 245 | _aქართული ენის ომონიმთა ლექსიკონი | ||
| 260 | _aთბილისი | ||
| 260 | _bმეცნიერება და ტექნიკა | ||
| 260 | _c1992 | ||
| 300 | _a368გვ. ; 20სმ. | ||
| 541 | _h5 ლ. | ||
| 653 | _aქართული ენის ომონიმთა ლექსიკონი | ||
| 942 | _cBK | ||
| 999 |
_c54577 _d54577 |
||